Náčrt úkolu filosofie a otázka její hranice ve dvou textech Merleau-Pontyho

Bibliographic Details
Main Author: Lockenbauer, Jan (Author)
Format: Article
Language:Slovak
ISSN:25857061
Subjects:

MARC

LEADER 00000nab a2200000 4500
001 vtls012228940
003 SK-MaSNL
005 20260426052921.0
008 230504|2013 xo |||| ||an ||00 0|slo
015 |a SNBRB2023/05 
040 |a SPKCL  |b slo  |e rda 
041 |a slo  |b eng 
044 |a xo  |c SK 
072 7 |a 101  |x Filozofia  |2 konspekt 
080 |a 101 Merleau-Ponty, Maurice  |2 2011 
100 1 |a Lockenbauer, Jan  |4 aut  |9 443638 
245 1 0 |a Náčrt úkolu filosofie a otázka její hranice ve dvou textech Merleau-Pontyho  |c Jan Lockenbauer 
336 |a text  |b txt  |2 rdacontent 
337 |a bez média  |b n  |2 rdamedia 
338 |a zväzok  |b nc  |2 rdacarrier 
504 |a Obsahuje bibliografiu 
546 |a Anglické resumé 
600 1 7 |a Merleau-Ponty, Maurice,  |d 1908-1961  |2 snkbucl  |9 14806 
650 0 7 |a filozofia  |2 SNKPH  |9 793 
773 0 |t Filozofia  |g Roč. 68, č. 5 (2013), s. 376-384  |x 25857061 
958 |a NB 
999 |c 2082513  |d 2084443